[Event "Titled Tue 24th Jun Early"]
[Site "chess.com INT"]
[Date "2025.06.24"]
[Round "1"]
[White "Carroll, Thomas"]
[Black "Abdou Ahmed Alem"]
[Result "1-0"]
[BlackTitle "CM"]
[WhiteElo "2131"]
[BlackElo "2002"]
[WhiteFideId "450111"]
[BlackFideId "19603720"]
[EventDate "2025.06.24"]

1. d4 f5 2. Nf3 e6 3. Nc3 Nf6 4. Bg5 Be7 5. Bxf6 Bxf6 6. e4 fxe4 7. Nxe4 d6 8.
Bd3 Nd7 9. O-O Qe7 10. Re1 b6 11. c4 Bb7 12. Nxf6+ Qxf6 13. d5 e5 14. Nd2 Nc5
15. Bc2 O-O 16. Rf1 a5 17. a3 Bc8 18. b4 Na6 19. Rb1 Bf5 20. Be4 Nb8 21. f3 Nd7
22. Qe2 Qg5 23. Bxf5 Qxf5 24. Ne4 Nf6 25. Ng3 Qg6 26. Rbc1 axb4 27. axb4 Ra4 28.
c5 Rxb4 29. cxd6 cxd6 30. Rc6 Nxd5 31. Qa2 Rd4 32. Ne4 Kh8 33. Rxd6 Qf7 34. Rc1
h6 35. Re1 1-0

[Event "Titled Tue 24th Jun Early"]
[Site "chess.com INT"]
[Date "2025.06.24"]
[Round "1"]
[White "Giri, Anish"]
[Black "Shangin, Lev"]
[Result "1-0"]
[WhiteTitle "GM"]
[WhiteElo "2748"]
[BlackElo "2169"]
[WhiteFideId "24116068"]
[BlackFideId "55681085"]
[EventDate "2025.06.24"]

1. e4 c5 2. Nf3 d6 3. d4 cxd4 4. Nxd4 Nf6 5. Nc3 a6 6. Be3 e5 7. Nb3 Be6 8. f3
h5 9. Qd2 Nbd7 10. O-O-O Be7 11. Kb1 Rc8 12. h3 h4 13. Bd3 b5 14. f4 Nh5 15. Nd5
Bxd5 16. exd5 exf4 17. Bxf4 Nxf4 18. Qxf4 Ne5 19. Nd4 O-O 20. Nc6 Nxc6 21. dxc6
Bf6 22. Be4 Be5 23. Qg4 g6 24. Rhf1 Kg7 25. Rd3 Qe7 26. Rdf3 Rce8 27. Bd5 Bg3
28. a3 f6 29. Ka2 Qe5 30. Rd3 f5 31. Qb4 Re7 32. Rfd1 Rd8 33. c3 Rc7 34. Qa5 Qe7
35. Qxa6 Bf2 36. Qxb5 Bc5 37. b4 Bf2 38. Kb3 Ra7 39. a4 Rda8 40. a5 Qc7 41. Ra1
Rb8 42. Qc4 Rxa5 43. Rxa5 Qxa5 44. c7 Qa1 45. cxb8=Q Qb1+ 46. Ka4 Qa1+ 47. Kb5
Qa5+ 48. bxa5 1-0

[Event "Titled Tue 24th Jun Early"]
[Site "chess.com INT"]
[Date "2025.06.24"]
[Round "1"]
[White "Dyulgerov, Volen"]
[Black "Boruchovsky, Avital"]
[Result "1-0"]
[WhiteTitle "CM"]
[BlackTitle "GM"]
[WhiteElo "2200"]
[BlackElo "2513"]
[WhiteFideId "2918978"]
[BlackFideId "2800055"]
[EventDate "2025.06.24"]

1. e4 c6 2. d4 d5 3. Nd2 dxe4 4. Nxe4 Nf6 5. Ng5 h6 6. Nxf7 Kxf7 7. Nf3 Nbd7 8.
Bd3 e6 9. O-O Bd6 10. Re1 Re8 11. Ne5+ Kg8 12. Qf3 Nf8 13. Bxh6 Bxe5 14. dxe5
N6h7 15. Re4 gxh6 16. Rg4+ Ng5 17. h4 Qd5 18. Qf6 Qd7 19. Qxh6 Re7 20. Rd1 Rg7
21. hxg5 Rg6 22. Qh5 Qg7 23. Bxg6 Qxg6 24. Qxg6+ Nxg6 25. Rd8+ Kf7 26. f4 b6 27.
Rg3 Ke7 28. Rgd3 Nxf4 29. R3d6 Ng6 30. Rg8 Nxe5 31. Rdd8 a5 32. Rxc8 Rxc8 33.
Rxc8 Nf7 34. Rxc6 Nxg5 35. Rxb6 Ne4 36. Ra6 1-0

[Event "Titled Tue 24th Jun Early"]
[Site "chess.com INT"]
[Date "2025.06.24"]
[Round "1"]
[White "Damaraju, Ashwin"]
[Black "Goldin, Roman"]
[Result "1-0"]
[BlackTitle "FM"]
[WhiteElo "2084"]
[BlackElo "2299"]
[WhiteFideId "39908348"]
[BlackFideId "2803860"]
[EventDate "2025.06.24"]

1. e4 Nc6 2. Nf3 e5 3. d4 exd4 4. Nxd4 g6 5. Nc3 Bg7 6. Be3 Nf6 7. f3 O-O 8. Qd2
Re8 9. O-O-O d5 10. Qf2 Nxd4 11. Bxd4 dxe4 12. Bc4 c6 13. Rhe1 Be6 14. Bxe6 Rxe6
15. fxe4 Ng4 16. Qg3 Qg5+ 17. Kb1 Bxd4 18. Rxd4 Rae8 19. a3 h5 20. Rd7 R6e7 21.
Red1 h4 22. Qc7 Rxd7 23. Rxd7 Ne5 24. Rd1 Qxg2 25. Qxb7 Qxh2 26. Qxa7 Qg2 27.
Rg1 Qf3 28. Na4 h3 29. Qc7 h2 30. Rc1 h1=Q 31. Rxh1 Qxh1+ 32. Ka2 Qxe4 33. Nc3
Qc4+ 34. Kb1 1-0

[Event "Titled Tue 24th Jun Early"]
[Site "chess.com INT"]
[Date "2025.06.24"]
[Round "1"]
[White "Buscar, Michael"]
[Black "Svane, Rasmus"]
[Result "0-1"]
[BlackTitle "GM"]
[WhiteElo "2016"]
[BlackElo "2626"]
[WhiteFideId "2603616"]
[BlackFideId "4657101"]
[EventDate "2025.06.24"]

1. d4 e6 2. c4 b6 3. Nc3 Bb7 4. e3 Bb4 5. Nf3 Nf6 6. Bd3 O-O 7. O-O c5 8. Qc2
Bxf3 9. gxf3 cxd4 10. exd4 Nc6 11. Be3 Rc8 12. a3 Bxc3 13. Qxc3 d5 14. c5 bxc5
15. Qxc5 Ne5 16. dxe5 Rxc5 17. Bxc5 Nh5 18. Bxf8 Kxf8 19. Kh1 g6 20. Rfc1 Qb8
21. b4 Qxe5 22. Bf1 Qf6 23. Bg2 Nf4 24. Rab1 d4 25. b5 d3 26. a4 Qd4 27. a5 Qxf2
28. Rg1 d2 29. b6 axb6 30. axb6 d1=Q 31. Rbxd1 Qxb6 32. Rb1 Qf2 33. Rbf1 Qh4 34.
Rd1 Kg7 35. Ra1 h5 36. Ra4 Qf6 37. Re4 Kh6 38. Rd1 g5 39. Bf1 h4 40. Bd3 Qc3 41.
Rxf4 gxf4 0-1

[Event "Titled Tue 24th Jun Early"]
[Site "chess.com INT"]
[Date "2025.06.24"]
[Round "1"]
[White "Cuenca Jimenez, Jose Fernando"]
[Black "Fronda, Jan Jodilyn"]
[Result "1-0"]
[WhiteTitle "GM"]
[BlackTitle "WIM"]
[WhiteElo "2487"]
[BlackElo "2115"]
[WhiteFideId "2255570"]
[BlackFideId "5204585"]
[EventDate "2025.06.24"]

1. d4 Nf6 2. Bf4 d6 3. Nc3 Nbd7 4. Nf3 g6 5. e4 Bg7 6. Qd2 c5 7. e5 cxd4 8. Qxd4
Nh5 9. Bb5 Nxf4 10. Qxf4 dxe5 11. Nxe5 O-O 12. Nxd7 Bxd7 13. Rd1 Qb6 14. Bxd7
Qxb2 15. Ne2 Qxc2 16. Qd2 Qe4 17. O-O Rfd8 18. Qe3 Qc4 19. a4 e6 20. Bb5 Qc2 21.
Rxd8+ Rxd8 22. Qxa7 Rd2 23. Qxb7 Rxe2 24. Bxe2 Qxe2 25. Qc8+ Bf8 26. a5 Kg7 27.
a6 Qa2 28. g3 h5 29. Qc3+ Kh7 30. Ra1 Qd5 31. a7 Qa8 32. Qb3 Bg7 33. Qb8 Qf3 34.
a8=Q Qf5 35. Rf1 Be5 36. Qb1 Qf6 37. Qg2 Bd4 38. Qbe4 e5 39. Qgf3 Qe6 40. Qd5
Qxd5 41. Qxd5 Kg7 42. Kg2 Kf6 43. Rd1 Kg5 44. Rxd4 1-0

[Event "Titled Tue 24th Jun Early"]
[Site "chess.com INT"]
[Date "2025.06.24"]
[Round "1"]
[White "Liashkevich, Lizaveta"]
[Black "Lopez Rayo, Santiago"]
[Result "1-0"]
[WhiteTitle "WFM"]
[BlackTitle "FM"]
[WhiteElo "2204"]
[BlackElo "2282"]
[WhiteFideId "13518658"]
[BlackFideId "4455665"]
[EventDate "2025.06.24"]

1. d4 Nf6 2. Nf3 g6 3. c4 Bg7 4. Nc3 O-O 5. e4 d6 6. Be2 Nc6 7. O-O e5 8. d5 Ne7
9. Ne1 Nd7 10. Be3 f5 11. f3 f4 12. Bf2 g5 13. Rc1 h5 14. Nd3 Ng6 15. c5 Nf6 16.
cxd6 cxd6 17. Nb5 Rf7 18. Nxa7 Bd7 19. Qb3 g4 20. Bb6 Qe8 21. Ne1 g3 22. Nb5 Qe7
23. h3 Nh7 24. Nc7 Qh4 25. Nxa8 Bxh3 26. gxh3 Ng5 27. Bb5 Nxh3+ 28. Kg2 Nf2 29.
Rxf2 Qh2+ 30. Kf1 gxf2 31. Bxf2 Nh4 32. Ke2 Qh3 33. Nc7 Bf6 34. Ne6 Kh7 35. Be8
Re7 36. Bxh5 1-0

[Event "Titled Tue 24th Jun Early"]
[Site "chess.com INT"]
[Date "2025.06.24"]
[Round "1"]
[White "Begunov, Konstantin"]
[Black "Howell, David W L"]
[Result "0-1"]
[WhiteTitle "FM"]
[BlackTitle "GM"]
[WhiteElo "2325"]
[BlackElo "2668"]
[WhiteFideId "4118510"]
[BlackFideId "410608"]
[EventDate "2025.06.24"]

1. d4 d6 2. e4 Nf6 3. f3 g6 4. Be3 Bg7 5. c4 a6 6. Nc3 Nc6 7. a3 O-O 8. Nge2 Rb8
9. b4 b5 10. cxb5 axb5 11. d5 Ne5 12. Nd4 Bd7 13. Ncxb5 c5 14. dxc6 Nxc6 15. Be2
Nxd4 16. Nxd4 e5 17. Nb3 Ba4 18. O-O d5 19. Bc5 Re8 20. exd5 Nxd5 21. Bc4 Nb6
22. Qxd8 Rexd8 23. Bxb6 Rxb6 24. Nc5 Be8 25. Rfd1 Ra8 26. Bd5 Ra7 27. Bb3 Kf8
28. Ne4 Ke7 29. Ra2 Bc6 30. Kf2 f5 31. Nd6 Bd7 32. b5 Rxd6 33. Rxd6 Kxd6 34. a4
Kc5 35. Bd1 e4 36. Rd2 Bd4+ 37. Ke2 Be6 38. fxe4 fxe4 39. Rc2+ Bc4+ 40. Ke1 Kb4
41. Be2 Bxe2 42. Kxe2 Rxa4 43. Rd2 Kxb5 44. Rd1 Kc4 0-1

[Event "Titled Tue 24th Jun Early"]
[Site "chess.com INT"]
[Date "2025.06.24"]
[Round "1"]
[White "Bortnyk, Olexandr"]
[Black "Ladan, Nicholas"]
[Result "1-0"]
[WhiteTitle "GM"]
[WhiteElo "2601"]
[BlackElo "2218"]
[WhiteFideId "14120828"]
[BlackFideId "30918855"]
[EventDate "2025.06.24"]

1. e4 e5 2. Nf3 Nc6 3. Nc3 Nf6 4. Nd5 Be7 5. Bd3 O-O 6. c3 d6 7. Nxe7+ Nxe7 8.
O-O Ng6 9. h3 Nh5 10. Bc2 Nhf4 11. d4 Qf6 12. Kh2 h6 13. Be3 Be6 14. b3 Kh8 15.
Rg1 a6 16. a4 Rad8 17. a5 Bc8 18. c4 Qe6 19. d5 Qd7 20. Rh1 Qe7 21. g4 Nh4 22.
Rg1 Nfg6 23. b4 Qf6 24. Rg3 Rg8 25. c5 Qe7 26. Bd3 Nxf3+ 27. Qxf3 Nh4 28. Qe2 g6
29. Qd2 g5 30. Rc1 Ng6 31. Bf1 Nf4 32. c6 bxc6 33. Rxc6 Bb7 34. Rc2 Ra8 35. Qc1
Rgc8 36. Bd2 Qd7 37. Rgc3 c6 38. dxc6 Bxc6 39. Rxc6 Rxc6 40. Rxc6 1-0

[Event "Titled Tue 24th Jun Early"]
[Site "chess.com INT"]
[Date "2025.06.24"]
[Round "1"]
[White "Klukin, Kirill"]
[Black "Sargissyan, Sargis"]
[Result "1-0"]
[WhiteTitle "IM"]
[BlackTitle "FM"]
[WhiteElo "2401"]
[BlackElo "2206"]
[WhiteFideId "24199273"]
[BlackFideId "13303210"]
[EventDate "2025.06.24"]

1. d4 Nf6 2. Nf3 d6 3. c4 Nbd7 4. Nc3 g6 5. e3 Bg7 6. Be2 O-O 7. O-O e5 8. Qc2
Re8 9. b4 e4 10. Nd2 Qe7 11. Bb2 Nf8 12. Rfc1 Bf5 13. a4 h5 14. a5 h4 15. h3
N8h7 16. a6 b6 17. Bf1 Ng5 18. Nd5 Qd7 19. Nxf6+ Bxf6 20. Qd1 c5 21. bxc5 dxc5
22. Rab1 cxd4 23. Nb3 Bxh3 24. Bxd4 Bg4 25. Qe1 Bxd4 26. Nxd4 h3 27. c5 hxg2 28.
Bxg2 Nf3+ 29. Nxf3 exf3 30. c6 Qd5 31. Rb4 Qg5 32. Bf1 Bh3+ 33. Kh2 Bg2 34. Rcc4
Kg7 35. Rh4 Rh8 36. Qc3+ f6 37. Qd4 Rxh4+ 38. Qxh4 Rh8 39. Qxh8+ Kxh8 40. c7 1-0

[Event "Titled Tue 24th Jun Early"]
[Site "chess.com INT"]
[Date "2025.06.24"]
[Round "1"]
[White "Dragnev, Valentin"]
[Black "Venskaya, Nika"]
[Result "1-0"]
[WhiteTitle "GM"]
[BlackTitle "WCM"]
[WhiteElo "2547"]
[BlackElo "1926"]
[WhiteFideId "1634852"]
[BlackFideId "13523503"]
[EventDate "2025.06.24"]

1. e4 c5 2. Nf3 d6 3. Bc4 Nf6 4. d3 g6 5. e5 dxe5 6. Nxe5 e6 7. Qf3 Bg7 8. Bb5+
Nbd7 9. Bxd7+ Bxd7 10. Qxb7 O-O 11. Nxd7 Nxd7 12. O-O Rb8 13. Qxa7 Bxb2 14. Bxb2
Rxb2 15. Na3 c4 16. dxc4 Ne5 17. Qe3 Qc7 18. Qd4 Rb4 19. Rfb1 Rxb1+ 20. Rxb1 Rd8
21. Qc3 Qd6 22. h3 Ra8 23. Rb3 Rc8 24. Rb1 Ra8 25. Rb3 Rc8 26. Rb5 Nc6 27. Qe3
Nd4 28. Rb7 Nf5 29. Qf3 h5 30. Nb5 Qc5 31. g4 hxg4 32. hxg4 Nh6 33. Kg2 Qg5 34.
Nd6 Rf8 35. Ne4 1-0

[Event "Titled Tue 24th Jun Early"]
[Site "chess.com INT"]
[Date "2025.06.24"]
[Round "1"]
[White "Mafra, Kaiser Luiz"]
[Black "Volodin, Alexandr E."]
[Result "1-0"]
[WhiteTitle "CM"]
[BlackTitle "FM"]
[WhiteElo "2076"]
[BlackElo "2344"]
[WhiteFideId "2106698"]
[BlackFideId "34268871"]
[EventDate "2025.06.24"]

1. e4 c5 2. d4 cxd4 3. c3 d3 4. Bxd3 Nc6 5. Nf3 g6 6. c4 Bg7 7. Nc3 d6 8. O-O
Nf6 9. h3 O-O 10. Be3 Nd7 11. Rc1 Nde5 12. Nxe5 Nxe5 13. b3 Be6 14. Bb1 a6 15.
f4 Nc6 16. f5 Bd7 17. Nd5 Rc8 18. Bb6 Qe8 19. Nc7 Qd8 20. Nd5 Qe8 21. Nc7 Rxc7
22. Bxc7 Bd4+ 23. Kh1 b6 24. fxg6 fxg6 25. Rxf8+ Qxf8 26. b4 Be3 27. b5 axb5 28.
cxb5 Ne5 29. Qb3+ Nc4 30. Qxc4+ Kh8 31. Rf1 Qg7 32. Qf7 Qxf7 33. Rxf7 Bg5 34. a4
Kg8 35. Rf1 Bf6 36. Bxb6 Kf7 37. Ba2+ Ke8 38. Bd5 e6 39. Bc6 Bc3 40. Rc1 Bb2 41.
Bxd7+ Kxd7 42. Rc7+ Ke8 43. Rxh7 d5 44. exd5 exd5 45. a5 d4 46. Rh8+ Kd7 47.
Rd8+ Ke7 48. Rxd4 Bxd4 49. Bxd4 Kf7 50. a6 g5 51. a7 Kg6 52. a8=Q Kh5 53. Qh8+
Kg6 54. Qf6+ Kh5 55. g4+ Kh4 56. Qh6+ Kg3 57. Be5+ Kf3 58. Qf6+ Ke4 59. b6 Ke3
60. b7 Ke4 61. b8=Q Kd5 62. Qfd6+ Ke4 63. Qbb4+ Ke3 64. Qdd4+ Kf3 65. Qbc3+ Ke2
66. Qdd2+ Kf1 67. Qcc1# 1-0

[Event "Titled Tue 24th Jun Early"]
[Site "chess.com INT"]
[Date "2025.06.24"]
[Round "1"]
[White "Kollars, Dmitrij"]
[Black "Mordechai, Hanan"]
[Result "1-0"]
[WhiteTitle "GM"]
[BlackTitle "FM"]
[WhiteElo "2633"]
[BlackElo "2311"]
[WhiteFideId "12909572"]
[BlackFideId "2804166"]
[EventDate "2025.06.24"]

1. e4 c5 2. Nf3 e6 3. d4 cxd4 4. Nxd4 a6 5. c4 Nc6 6. Nc3 Bc5 7. Be3 Qb6 8. Na4
Bb4+ 9. Ke2 Qc7 10. a3 Be7 11. Nxc6 Qxc6 12. Nb6 Rb8 13. Qd4 Nf6 14. f3 d6 15.
Kf2 O-O 16. Be2 Bd8 17. Nxc8 Rxc8 18. b4 Bc7 19. b5 Qd7 20. Rhd1 Qe7 21. Rab1
axb5 22. Rxb5 b6 23. Bg5 Rfd8 24. Kf1 Ra8 25. Qb2 Ra7 26. Rd3 Rda8 27. Rdb3 h6
28. Bh4 Ra4 29. R5b4 R4a5 30. Rb5 Ra4 31. Bd3 Bd8 32. R5b4 R4a5 33. Rb5 Ra4 34.
e5 dxe5 35. Rxe5 Rxa3 36. Rxa3 Rxa3 37. Bb1 Qd6 38. Re1 Qc5 39. Qc2 g5 40. Bf2
Qc6 41. Rd1 Be7 42. Bd4 Nd7 43. Qh7+ 1-0

[Event "Titled Tue 24th Jun Early"]
[Site "chess.com INT"]
[Date "2025.06.24"]
[Round "1"]
[White "Sheehan, Ethan"]
[Black "Pandey, Srishti"]
[Result "0-1"]
[BlackTitle "WIM"]
[WhiteElo "2364"]
[BlackElo "2202"]
[WhiteFideId "30943965"]
[BlackFideId "35093290"]
[EventDate "2025.06.24"]

1. d4 Nf6 2. Nf3 d6 3. c4 Nbd7 4. Nc3 e5 5. e4 g6 6. Be2 Bg7 7. O-O O-O 8. Re1
c6 9. Bf1 Qe7 10. d5 c5 11. a3 Ne8 12. b4 b6 13. Rb1 f5 14. Ng5 Ndf6 15. exf5
gxf5 16. g3 h6 17. Ne6 Bxe6 18. dxe6 Qxe6 19. Bg2 e4 20. Qe2 Rd8 21. Bb2 Nc7 22.
f3 d5 23. cxd5 Ncxd5 24. Nxd5 Qxd5 25. fxe4 Nxe4 26. Bxg7 Kxg7 27. Bxe4 Qd4+ 28.
Kg2 fxe4 29. Qxe4 Rf2+ 30. Kh3 Qxe4 31. Rxe4 Rdd2 32. Re7+ Kf6 33. Rxa7 Rxh2+
34. Kg4 Rdf2 35. Rh7 Kg6 36. Rh8 h5+ 37. Rxh5 Rxh5 38. b5 Rg5+ 0-1

[Event "Titled Tue 24th Jun Early"]
[Site "chess.com INT"]
[Date "2025.06.24"]
[Round "1"]
[White "Cardenas Carbajal, Nilson"]
[Black "Shafer, Logan C"]
[Result "0-1"]
[WhiteTitle "CM"]
[BlackTitle "CM"]
[WhiteElo "2041"]
[BlackElo "2217"]
[WhiteFideId "8401128"]
[BlackFideId "30993342"]
[EventDate "2025.06.24"]

1. e4 c6 2. d4 d5 3. Nd2 dxe4 4. Nxe4 Nf6 5. Nxf6+ exf6 6. c3 Bd6 7. Bd3 Na6 8.
Qc2 Nc7 9. Ne2 Nd5 10. a3 h5 11. h3 Bc7 12. c4 Ne7 13. Bf4 Be6 14. Bxc7 Qxc7 15.
O-O g6 16. Rfe1 Kf8 17. Qd2 Kg7 18. Nf4 Qd7 19. Qe3 Rhe8 20. Nxe6+ fxe6 21. Qxe6
Qxd4 22. Rad1 Nf5 23. Qxe8 Rxe8 24. Rxe8 Nd6 25. Be2 Qxd1+ 26. Bxd1 Nxe8 27. c5
Kf7 28. f4 Nc7 29. Kf2 Ke6 30. Bb3+ Ke7 31. Ke3 f5 32. Kd4 h4 33. Ke5 Ne8 34.
Bc4 Nf6 35. Bd3 Nd5 36. a4 Ne3 37. b4 Nxg2 38. Bxf5 gxf5 39. Kxf5 Ne3+ 40. Kg5
Nd5 41. b5 Nc3 42. bxc6 bxc6 43. Kxh4 Nxa4 44. Kg5 Nxc5 45. h4 Kf7 46. h5 Ne6+
47. Kf5 a5 48. Ke5 a4 49. f5 Ng7 50. h6 Nxf5 51. Kxf5 a3 0-1

[Event "Titled Tue 24th Jun Early"]
[Site "chess.com INT"]
[Date "2025.06.24"]
[Round "1"]
[White "Dehtiarov, Roman"]
[Black "Hindermann, Felix"]
[Result "1-0"]
[WhiteTitle "FM"]
[BlackTitle "FM"]
[WhiteElo "2416"]
[BlackElo "2289"]
[WhiteFideId "14186640"]
[BlackFideId "1305212"]
[EventDate "2025.06.24"]

1. e4 e6 2. d4 d5 3. Nc3 Bb4 4. e5 c5 5. Bd2 Nh6 6. Nb5 Bxd2+ 7. Qxd2 O-O 8. c3
Nc6 9. Nf3 f6 10. exf6 Qxf6 11. Nd6 cxd4 12. cxd4 e5 13. dxe5 Nxe5 14. Qxd5+
Nhf7 15. Nxe5 Be6 16. Ne4 Bxd5 17. Nxf6+ gxf6 18. Ng4 Rfe8+ 19. Ne3 Kf8 20. Be2
Bc6 21. O-O Ne5 22. Rfe1 Rad8 23. h3 Rd7 24. Rad1 Rg7 25. Kh2 b6 26. Bf1 Bf3 27.
Nf5 Bxd1 28. Nxg7 Kxg7 29. Rxd1 Re7 30. f4 Nc6 31. g3 Nb4 32. a3 Nc2 33. Rd2 Ne3
34. Be2 Rc7 35. Kg1 1-0

[Event "Titled Tue 24th Jun Early"]
[Site "chess.com INT"]
[Date "2025.06.24"]
[Round "1"]
[White "Aarav Sinha"]
[Black "Erigaisi, Arjun"]
[Result "1/2-1/2"]
[WhiteTitle "FM"]
[BlackTitle "GM"]
[WhiteElo "2255"]
[BlackElo "2782"]
[WhiteFideId "25674064"]
[BlackFideId "35009192"]
[EventDate "2025.06.24"]

1. d4 c6 2. e4 d6 3. Nf3 g6 4. Nc3 Bg7 5. h3 Nf6 6. Bd3 b5 7. a3 Nbd7 8. O-O e5
9. Re1 O-O 10. Be3 exd4 11. Nxd4 Bb7 12. Qd2 a6 13. Bh6 c5 14. Bxg7 Kxg7 15. Nf3
Re8 16. Qf4 Ne5 17. Rad1 Nh5 18. Qe3 Qf6 19. Be2 Nf4 20. Nxe5 Rxe5 21. g3 Nxh3+
22. Kg2 Ng5 23. f4 Bxe4+ 24. Nxe4 Rxe4 25. fxg5 Qe5 26. Qc3 Qxc3 27. bxc3 Rae8
28. Kf2 Ra4 29. Bf3 Rxe1 30. Rxe1 Rxa3 31. Re7 h6 32. gxh6+ Kxh6 33. Rxf7 Rxc3
34. Rf6 Rxc2+ 35. Ke3 Rc3+ 36. Kd2 b4 37. Be4 Rxg3 38. Rxd6 a5 39. Ra6 Rg4 40.
Bf3 Rd4+ 41. Ke3 b3 42. Rxa5 b2 43. Rb5 Rb4 44. Rxb4 cxb4 45. Be4 g5 46. Kd2 g4
47. Kc2 Kg5 48. Kxb2 Kf4 49. Ba8 Ke3 50. Kb3 g3 51. Kxb4 Kf2 52. Bd5 g2 53. Bxg2 1/2-1/2

[Event "Titled Tue 24th Jun Early"]
[Site "chess.com INT"]
[Date "2025.06.24"]
[Round "1"]
[White "Mayank, Chakraborty"]
[Black "Mammadzada, Gunay"]
[Result "1-0"]
[WhiteTitle "IM"]
[BlackTitle "IM"]
[WhiteElo "2457"]
[BlackElo "2390"]
[WhiteFideId "25659766"]
[BlackFideId "13403729"]
[EventDate "2025.06.24"]

1. d4 Nf6 2. c4 e6 3. Nf3 d5 4. Nc3 Be7 5. Bf4 O-O 6. e3 b6 7. cxd5 Nxd5 8. Nxd5
exd5 9. a3 c5 10. Bd3 Nc6 11. O-O h6 12. h3 Bd6 13. Bxd6 Qxd6 14. dxc5 bxc5 15.
Rc1 Be6 16. Bb5 Ne7 17. Qc2 Rfc8 18. Rfd1 Rab8 19. Bd3 Qb6 20. Rd2 a5 21. e4 d4
22. Ne5 Bb3 23. Qb1 Qe6 24. Nc4 Nc6 25. f4 a4 26. e5 Ne7 27. Nd6 Rc7 28. Rf2 c4
29. Bh7+ Kf8 30. Re1 c3 31. f5 Qd5 32. f6 gxf6 33. Rxf6 c2 34. Qc1 Ng8 35. Rf3
Rd8 36. Bxg8 Kxg8 37. Qxh6 c1=Q 38. Rg3+ 1-0

[Event "Titled Tue 24th Jun Early"]
[Site "chess.com INT"]
[Date "2025.06.24"]
[Round "1"]
[White "Rabin, Evan"]
[Black "Shuvalova, Polina"]
[Result "0-1"]
[BlackTitle "IM"]
[WhiteElo "1945"]
[BlackElo "2480"]
[WhiteFideId "2028670"]
[BlackFideId "24171760"]
[EventDate "2025.06.24"]

1. e4 c6 2. d4 d5 3. Nd2 dxe4 4. Nxe4 Nf6 5. Nxf6+ exf6 6. Bc4 Be7 7. Qe2 O-O 8.
Nf3 Bg4 9. O-O Bxf3 10. Qxf3 Qxd4 11. Bb3 Na6 12. Rd1 Qb6 13. Rd7 Rae8 14. Be3
Bc5 15. Re1 Bxe3 16. Rxe3 Rxe3 17. Qxe3 Qxe3 18. fxe3 Nc5 19. Re7 g6 20. Kf2 a5
21. a4 f5 22. Bc4 Kg7 23. c3 Kf6 24. Rc7 Ne4+ 25. Ke2 Nd6 26. Bd3 Re8 27. Kf3
Re7 28. Rxe7 Kxe7 29. Kf4 Kf6 30. h4 h5 31. b4 b6 32. Be2 c5 33. bxa5 bxa5 34.
Bd3 Ke6 35. g3 f6 36. c4 Kf7 37. Kf3 Nc8 38. Bc2 Nb6 39. Bb3 Ke6 40. Kf4 Nd7 41.
Bd1 Ne5 42. Be2 Kd6 43. Bf1 Nd7 44. Bd3 Nb6 45. e4 fxe4 46. Bxe4 f5 47. Bd3 Ke6
48. Kg5 Kf7 49. Bc2 Kg7 50. Bb3 Nd7 51. Kf4 Kf6 52. Bd1 Nf8 53. Bb3 Ne6+ 54. Ke3
Ke5 55. Bc2 Nd4 56. Bd3 Ne6 57. Bc2 Nc7 58. Bb3 Ne8 59. Bc2 Nd6 60. Bb3 Ne4 0-1

[Event "Titled Tue 24th Jun Early"]
[Site "chess.com INT"]
[Date "2025.06.24"]
[Round "1"]
[White "Souleidis, Georgios"]
[Black "Elsness, Frode"]
[Result "1-0"]
[WhiteTitle "IM"]
[BlackTitle "IM"]
[WhiteElo "2418"]
[BlackElo "2416"]
[WhiteFideId "4206827"]
[BlackFideId "1501100"]
[EventDate "2025.06.24"]

1. e4 c5 2. Be2 d6 3. f4 Nc6 4. Nf3 g6 5. O-O Bg7 6. c3 Nf6 7. d3 O-O 8. Kh1 b5
9. a3 a5 10. Be3 Rb8 11. Nbd2 d5 12. Bxc5 dxe4 13. dxe4 Qc7 14. Bf2 Ng4 15. e5
Nxf2+ 16. Rxf2 Rd8 17. Qe1 b4 18. axb4 axb4 19. Ne4 Bf5 20. Ng3 Bd3 21. Bxd3
Rxd3 22. Qe4 Rbd8 23. cxb4 Qb6 24. Re2 Nxb4 25. h4 e6 26. h5 Rd1+ 27. Rxd1 Rxd1+
28. Re1 Rxe1+ 29. Qxe1 Nd5 30. Qd2 Bh6 31. Ng5 Bxg5 32. fxg5 Qb8 33. Qc2 h6 34.
hxg6 hxg5 35. gxf7+ Kh8 36. Qg6 Qf8 37. Qxe6 Nf4 38. Qf6+ Kh7 39. Ne4 Qb4 40.
Nxg5# 1-0

[Event "Titled Tue 24th Jun Early"]
[Site "chess.com INT"]
[Date "2025.06.24"]
[Round "1"]
[White "Chernov, Alexander A."]
[Black "Punin, Andrii"]
[Result "0-1"]
[WhiteTitle "FM"]
[BlackTitle "FM"]
[WhiteElo "2314"]
[BlackElo "2289"]
[WhiteFideId "4152492"]
[BlackFideId "14112639"]
[EventDate "2025.06.24"]

1. d4 Nf6 2. Nc3 d5 3. Bg5 e6 4. e4 dxe4 5. Nxe4 Be7 6. Bxf6 gxf6 7. Nf3 f5 8.
Nc3 a6 9. d5 Bf6 10. dxe6 Qxd1+ 11. Rxd1 fxe6 12. Bc4 Nc6 13. O-O b5 14. Bb3 Na5
15. Nd4 Bxd4 16. Rxd4 c5 17. Rd6 c4 18. Re1 Kf7 19. Ne2 cxb3 20. axb3 Nb7 21.
Rc6 Rd8 22. Nf4 Nd6 23. f3 Ra7 24. Nd3 Ke7 25. Ne5 Nf7 26. Nd3 Bd7 27. Rb6 a5
28. Nc5 Nd6 29. Rd1 Bc8 30. Nd3 Rc7 31. c3 a4 32. b4 Bd7 33. Ne5 Be8 34. Re1 Nc4
35. Nxc4 bxc4 36. Rbxe6+ Kf7 37. R6e5 Kf6 38. Re6+ Kg7 39. Rxe8 Rd2 0-1

[Event "Titled Tue 24th Jun Early"]
[Site "chess.com INT"]
[Date "2025.06.24"]
[Round "1"]
[White "Esipenko, Andrey"]
[Black "Garcia Molina, Jose"]
[Result "1-0"]
[WhiteTitle "GM"]
[BlackTitle "FM"]
[WhiteElo "2689"]
[BlackElo "2156"]
[WhiteFideId "24175439"]
[BlackFideId "32030592"]
[EventDate "2025.06.24"]

1. d4 Nf6 2. Nf3 b6 3. g3 Bb7 4. Bg2 e6 5. O-O Be7 6. c4 O-O 7. Re1 d5 8. cxd5
exd5 9. Nc3 Nbd7 10. Ne5 c5 11. Bf4 cxd4 12. Qxd4 Re8 13. Nxd7 Qxd7 14. e3 h6
15. h4 Rad8 16. Rad1 Bc5 17. Qa4 Bc6 18. Qb3 d4 19. exd4 Rxe1+ 20. Rxe1 Bxd4 21.
Rd1 Bxg2 22. Kxg2 Re8 23. f3 Nh5 24. Qc4 Nxf4+ 25. gxf4 Qf5 26. Qxd4 Qg6+ 27.
Kf2 Qh5 28. Rh1 Qf5 29. Ne4 Re6 30. Rg1 f6 31. Qd8+ Kh7 32. Qd3 Kg8 33. Qc4 Kh7
34. Ng3 Qh3 35. Rh1 Re2+ 36. Qxe2 Qd7 37. Qe4+ Kg8 38. Re1 Qb5 39. Qe8+ Qxe8 40.
Rxe8+ Kf7 41. Ra8 1-0